| 000 | 01009nam a2200265 a 4500 | ||
|---|---|---|---|
| 001 | 24835 | ||
| 003 | CO-ViMGA | ||
| 005 | 20230915232020.0 | ||
| 008 | 141112s2004 ck r 000 u spa d | ||
| 020 | _a9788483225004 | ||
| 040 |
_aCO-ViMGA _bspa _cCO-ViMGA |
||
| 041 | _aspa eng | ||
| 082 | 0 | 4 | _a338.5 P45m |
| 100 | 1 |
_aPindyck, Robert S. _937120 |
|
| 245 | 1 | 0 |
_aMicroeconomía / _cRobert S. Pindyck, Daniel L. Rubinfeld ; traducción y revisión técnica Esther Rabasco, Luis Toharia. |
| 250 | _a7a. ed. editor Alberto Cañizal. | ||
| 260 |
_aMadrid : _bPearson, _cPrentice - Hall, _c2009. |
||
| 300 | _axxxiii, 850 p. : il. ; 26 cm. | ||
| 500 | _aIncluye índice. | ||
| 650 | 1 | 4 |
_aMicroeconomía - Problemas, ejercicios, etc. _937121 |
| 700 | 1 |
_aRubinfeld, Daniel L. _937122 |
|
| 852 | _1.908.96 | ||
| 942 |
_2ddc _cBK |
||
| 999 |
_c32635 _d32635 |
||